000 00782nam a2200253Ia 4500
003 GCL
008 140319s9999 xx 000 0 ara d
040 _aGCL /
_cGCL
082 0 4 _a372.61
_bح ت
100 1 _aحسن شحاته
245 1 0 _aتعليم اللغة العربية بين النظرية والتطبيق /
_cحسن شحاته
260 _a[S.N] :
_bالدار المصرية اللبنانية ،
_c1993
300 _a421
490 _a
650 0 4 _aطرق التدريس
650 0 4 _aالنحو
650 0 4 _aاللغات
650 0 4 _aاللغة العربية
650 0 4 _aالصرف
650 0 4 _aتعليم وتدريس
650 0 4 _aالقراءات والتجويد
650 0 4 _aقواعد الاملاء والهجاء
942 _2ddc
_cBK
999 _c30037
_d30037